[Event "European Blitz Championship 2021"]
[Site "Katowice"]
[Date "2021.12.17"]
[Round "12.1"]
[White "Vetoshko, Volodymyr"]
[Black "Duda, Jan-Krzysztof"]
[Result "0-1"]
[WhiteElo "2525"]
[BlackElo "2756"]
[Annotator "TA"]
[PlyCount "56"]
[EventDate "2021.12.17"]
[EventType "swiss"]
[EventCountry "POL"]
[SourceTitle "playchess.com"]
[Source "ChessBase"]
[SourceQuality "1"]

1. e4 c5 2. Nf3 d6 3. d4 cxd4 4. Nxd4 Nf6 5. Nc3 a6 6. Be2 e5 7. Nb3 Be7 8. Bg5
Be6 9. Bxf6 Bxf6 10. Qd3 Be7 11. Nd5 O-O 12. O-O-O Bxd5 13. Qxd5 Qc7 14. Bg4 a5
15. a3 a4 16. Nd2 Ra5 17. Qc4 Rc5 18. Qxa4 b5 19. Qb3 Nc6 20. c3 Nd4 21. Qa2 b4
22. axb4 Rxc3+ 23. Kb1 Rc2 24. Rc1 h5 25. Bxh5 Bg5 26. Qa4 Rxc1+ 27. Rxc1 Qb7
28. Rd1 Ra8 0-1

[Event "European Blitz Championship 2021"]
[Site "Katowice"]
[Date "2021.12.17"]
[Round "12.1"]
[White "Janik, Igor"]
[Black "Skawinski, Arkadiusz"]
[Result "1-0"]
[WhiteElo "2508"]
[BlackElo "2184"]
[Annotator "ChessBase"]
[PlyCount "73"]
[EventDate "2021.12.17"]
[EventType "swiss"]
[EventCountry "POL"]
[SourceTitle "playchess.com"]
[Source "ChessBase"]
[SourceQuality "1"]

1. d4 d5 2. c4 e6 3. Nf3 Nf6 4. Nc3 c6 5. Qd3 dxc4 6. Qxc4 b5 7. Qb3 Nbd7 8.
Bg5 b4 9. Ne4 Qa5 10. Nxf6+ gxf6 11. Bd2 Ba6 12. e3 Bxf1 13. Rxf1 Rg8 14. g3
Qd5 15. Ke2 a5 16. Rfc1 Bd6 17. Rc2 Qxb3 18. axb3 c5 19. dxc5 Bxc5 20. Rac1 Bb6
21. Rc6 Ke7 22. e4 Rab8 23. Bf4 Ra8 24. Bd6+ Kd8 25. Rxb6 Nxb6 26. Bc7+ Kd7 27.
Bxb6 Rgc8 28. Rd1+ Ke7 29. Rd2 Ra6 30. Be3 Rd6 31. e5 Rxd2+ 32. Kxd2 f5 33. Nd4
Kd7 34. Nb5 Ra8 35. Nd6 f6 36. Nc4 fxe5 37. Nb6+ 1-0

[Event "European Blitz Championship 2021"]
[Site "Katowice"]
[Date "2021.12.17"]
[Round "12.2"]
[White "Bernadskiy, Vitaliy"]
[Black "Sliwicki, Damian"]
[Result "1-0"]
[WhiteElo "2592"]
[BlackElo "2151"]
[Annotator "RC"]
[PlyCount "109"]
[EventDate "2021.12.17"]
[EventType "swiss"]
[EventCountry "POL"]
[SourceTitle "playchess.com"]
[Source "ChessBase"]
[SourceQuality "1"]

1. d4 d5 2. c4 e6 3. Nc3 Nf6 4. Bg5 Nbd7 5. e3 h6 6. Bh4 Be7 7. Qc2 O-O 8. Rd1
Re8 9. Nf3 b6 10. cxd5 Nxd5 11. Nxd5 exd5 12. Bxe7 Rxe7 13. Qc6 Rb8 14. Qxd5
Bb7 15. Qf5 Be4 16. Qf4 Nf6 17. Bc4 Nd5 18. Qg3 a5 19. O-O b5 20. Be2 Rb6 21.
Ne5 Rxe5 22. dxe5 Rg6 23. Bg4 h5 24. f3 Bc2 25. Rd2 hxg4 26. e4 Qg5 27. f4 Qh5
28. exd5 Bf5 29. Rc1 Be4 30. d6 cxd6 31. exd6 Bc6 32. Rxc6 Qf5 33. Rc1 Qd7 34.
Kh1 Rh6 35. f5 Kh7 36. Qxg4 Qd8 37. d7 Qb8 38. g3 Qb7+ 39. Rg2 Qxd7 40. Qf3 f6
41. Rf1 Qe7 42. h4 Qb4 43. Kh2 Qd4 44. Qf4 Qd7 45. Rf3 b4 46. b3 Qe7 47. Re3
Qd7 48. Re6 Qd5 49. Qe4 Qd7 50. Re7 Qd6 51. Re6 Qc7 52. Re2 Qb8 53. Re7 Qd6 54.
Qg4 Qd3 55. Qxg7# 1-0

[Event "European Blitz Championship 2021"]
[Site "Katowice"]
[Date "2021.12.17"]
[Round "12.2"]
[White "Lubczynski, Rafal"]
[Black "Demchenko, Anton"]
[Result "0-1"]
[WhiteElo "2361"]
[BlackElo "2655"]
[Annotator "RC"]
[PlyCount "88"]
[EventDate "2021.12.17"]
[EventType "swiss"]
[EventCountry "POL"]
[SourceTitle "playchess.com"]
[Source "ChessBase"]
[SourceQuality "1"]

1. Nf3 Nf6 2. c4 g6 3. g3 Bg7 4. Bg2 O-O 5. O-O d6 6. d4 Nc6 7. Nc3 e5 8. d5
Nb8 9. e4 a5 10. Ne1 Na6 11. Nd3 Nd7 12. f4 exf4 13. Bxf4 Nb4 14. Rc1 Nxd3 15.
Qxd3 Ne5 16. Qc2 Bd7 17. Nb5 a4 18. h3 Ra5 19. Bd2 Ra6 20. Be3 Qc8 21. Kh2 Ra5
22. Bd2 Ra8 23. Bc3 Qb8 24. Qe2 c6 25. dxc6 bxc6 26. Nd4 Re8 27. Rcd1 Qc7 28.
Nc2 Be6 29. Ne3 Red8 30. b3 axb3 31. axb3 Qb6 32. Bd4 Qxb3 33. Rb1 Qd3 34. Qxd3
Nxd3 35. Bxg7 Kxg7 36. Rfd1 Ne5 37. Rd4 c5 38. Rdd1 Ra2 39. Rb6 Nf3+ 40. Kh1
Nd4 41. e5 dxe5 42. Nd5 Nf5 43. Kh2 Bxd5 44. cxd5 Ne3 0-1

[Event "European Blitz Championship 2021"]
[Site "Katowice"]
[Date "2021.12.17"]
[Round "12.3"]
[White "Szpar, Milosz"]
[Black "Pakleza, Zbigniew"]
[Result "0-1"]
[WhiteElo "2285"]
[BlackElo "2496"]
[Annotator "ChessBase"]
[PlyCount "96"]
[EventDate "2021.12.17"]
[EventType "swiss"]
[EventCountry "POL"]
[SourceTitle "playchess.com"]
[Source "ChessBase"]
[SourceQuality "1"]

1. e4 d5 2. exd5 Nf6 3. Bb5+ Bd7 4. Be2 Nxd5 5. d4 Bf5 6. Nf3 e6 7. O-O Be7 8.
a3 O-O 9. c4 Nb6 10. Be3 Nc6 11. h3 h6 12. b4 Bf6 13. Nc3 Qe7 14. Qb3 Rfd8 15.
Rad1 a5 16. c5 axb4 17. axb4 Nd5 18. Bc4 Ndxb4 19. Rd2 Rdb8 20. Re1 b6 21. Nb5
bxc5 22. dxc5 Na6 23. Qa3 Ncb4 24. Rc1 Bg6 25. Bf4 Qxc5 26. Bf1 Qf5 27. Bg3
Rxb5 28. Nd4 Bxd4 29. Rxd4 Rbb8 30. Rdc4 Nd5 31. Ra4 Ndb4 32. Bxa6 Nxa6 33.
Rxa6 Rxa6 34. Qxa6 Rd8 35. Bxc7 Rd2 36. Bg3 Kh7 37. Qa8 h5 38. Rc8 Qb1+ 39. Kh2
Be4 40. Rh8+ Kg6 41. Qa5 Rd5 42. Qc3 Rd1 43. Be5 f6 44. Bxf6 Rh1+ 45. Kg3 gxf6
46. f3 Bd5 47. Qc8 Qe1+ 48. Kf4 Qe5# 0-1

[Event "European Blitz Championship 2021"]
[Site "Katowice"]
[Date "2021.12.17"]
[Round "12.3"]
[White "Masternak, Grzegorz"]
[Black "Reimanis, Ritvars"]
[Result "0-1"]
[WhiteElo "2188"]
[BlackElo "2397"]
[Annotator "ChessBase"]
[PlyCount "114"]
[EventDate "2021.12.17"]
[EventType "swiss"]
[EventCountry "POL"]
[SourceTitle "playchess.com"]
[Source "ChessBase"]
[SourceQuality "1"]

1. e4 c5 2. Nc3 Nc6 3. g3 e6 4. Bg2 d6 5. d3 Nf6 6. h3 Rb8 7. f4 Bd7 8. Nf3 b5
9. O-O b4 10. Ne2 Qc7 11. g4 Bc8 12. Ng3 Bb7 13. c3 a5 14. Be3 Ba6 15. Rf2 Be7
16. g5 Nd7 17. Nh2 h6 18. h4 hxg5 19. hxg5 e5 20. f5 f6 21. Nh5 Bf8 22. Nf1 Ne7
23. Rc1 bxc3 24. bxc3 Ng8 25. Rd2 fxg5 26. Bxg5 Ngf6 27. Nfg3 Qb6 28. Be3 Nxh5
29. Nxh5 Nf6 30. Nxf6+ gxf6 31. Qg4 Qc7 32. d4 Qf7 33. dxc5 dxc5 34. Qg6 Qxg6
35. fxg6 Rg8 36. Bh3 Rxg6+ 37. Kf2 Bh6 38. Bd7+ Kf7 39. Bf5 Bxe3+ 40. Kxe3 Rg3+
41. Kf2 Rd3 42. Rxd3 Bxd3 43. Rh1 Rb2+ 44. Ke3 c4 45. Rh7+ Kf8 46. Rh6 Kg7 47.
Rh7+ Kg8 48. Rh6 Rxa2 49. Rxf6 Re2+ 50. Kf3 Rc2 51. Rg6+ Kf7 52. Ra6 Rxc3 53.
Rxa5 Rc1 54. Rxe5 c3 55. Ke3 Rd1 56. Rc5 c2 57. Kf4 c1=Q+ 0-1

[Event "European Blitz Championship 2021"]
[Site "Katowice"]
[Date "2021.12.17"]
[Round "12.4"]
[White "Schneider, Ilja"]
[Black "Kowalski, Igor"]
[Result "1/2-1/2"]
[WhiteElo "2486"]
[BlackElo "2276"]
[Annotator "ChessBase"]
[PlyCount "66"]
[EventDate "2021.12.17"]
[EventType "swiss"]
[EventCountry "POL"]
[SourceTitle "playchess.com"]
[Source "ChessBase"]
[SourceQuality "1"]

1. e4 e6 2. d4 d5 3. Bd3 dxe4 4. Bxe4 Nf6 5. Bf3 c5 6. Ne2 Nc6 7. Be3 e5 8.
Bxc6+ bxc6 9. dxe5 Qxd1+ 10. Kxd1 Ng4 11. Nd2 Be7 12. Nf3 O-O 13. Ke1 Nxe3 14.
fxe3 Bf5 15. c3 a5 16. Ng3 Bd3 17. Rd1 Rfd8 18. Nd4 cxd4 19. Rxd3 dxc3 20.
Rxd8+ Rxd8 21. bxc3 Rd3 22. Nf5 Bf8 23. Ke2 Rxc3 24. Rd1 g6 25. Nd6 Rc5 26. e6
fxe6 27. Ne4 Re5 28. Kf3 Rf5+ 29. Ke2 Re5 30. Kf3 Rf5+ 31. Ke2 Re5 32. Kf3 Rf5+
33. Ke2 Re5 1/2-1/2

[Event "European Blitz Championship 2021"]
[Site "Katowice"]
[Date "2021.12.17"]
[Round "12.4"]
[White "Rudnicki, Milosz"]
[Black "Diermair, Andreas"]
[Result "0-1"]
[WhiteElo "2161"]
[BlackElo "2357"]
[Annotator "NA"]
[PlyCount "148"]
[EventDate "2021.12.17"]
[EventType "swiss"]
[EventCountry "POL"]
[SourceTitle "playchess.com"]
[Source "ChessBase"]
[SourceQuality "1"]

1. d4 Nf6 2. Bf4 d5 3. e3 c5 4. c3 Nc6 5. Nd2 Bf5 6. a4 a6 7. Ngf3 e6 8. Nh4
Bg4 9. Qb3 Na5 10. Qc2 Rc8 11. h3 Bh5 12. g4 Bg6 13. Nxg6 hxg6 14. Bg2 cxd4 15.
exd4 Bd6 16. Bxd6 Qxd6 17. Qd3 g5 18. Qe3 Qf4 19. Qxf4 gxf4 20. Ke2 g5 21. Kd3
Ke7 22. b4 Nc4 23. Nb3 b6 24. a5 b5 25. Nc5 Rc6 26. Rae1 Kd6 27. Nb7+ Kc7 28.
Nc5 Nd7 29. Bf3 Nxc5+ 30. dxc5 Kd7 31. Be2 e5 32. Kc2 Ke6 33. Bxc4 bxc4 34. f3
Rcc8 35. Rb1 Rb8 36. Kb2 Kd7 37. Ka3 Kc6 38. Ka4 f6 39. Rbd1 Rb7 40. Rd2 Rbh7
41. Rhd1 Rd8 42. Rh1 d4 43. cxd4 Rxd4 44. Rdh2 Rd3 45. h4 gxh4 46. Rxh4 Rxh4
47. Rxh4 Rxf3 48. Rh6 e4 49. Rxf6+ Kd5 50. c6 Rh3 51. c7 Rh8 52. Rxf4 e3 53.
Rf7 Kd4 54. Rd7+ Kc3 55. b5 e2 56. Re7 axb5+ 57. Kxb5 Kd3 58. Rd7+ Kc3 59. Re7
Kd3 60. Rd7+ Kc3 61. Re7 Kd2 62. Kxc4 Rc8 63. Rd7+ Kc2 64. Re7 Rxc7+ 65. Rxc7
e1=Q 66. a6 Qe4+ 67. Kb5+ Kb3 68. a7 Qb4+ 69. Kc6 Qe4+ 70. Kb6 Kb4 71. Rc8 Qe6+
72. Kc7 Qe7+ 73. Kb8 Qd6+ 74. Rc7 Qb6+ 0-1

[Event "European Blitz Championship 2021"]
[Site "Katowice"]
[Date "2021.12.17"]
[Round "12.5"]
[White "Durarbayli, Vasif"]
[Black "Dragnev, Valentin"]
[Result "1-0"]
[WhiteElo "2629"]
[BlackElo "2548"]
[Annotator "RC"]
[PlyCount "79"]
[EventDate "2021.12.17"]
[EventType "swiss"]
[EventCountry "POL"]
[SourceTitle "playchess.com"]
[Source "ChessBase"]
[SourceQuality "1"]

1. e4 d5 2. exd5 Qxd5 3. Nc3 Qa5 4. Nf3 Nf6 5. d4 Bf5 6. Ne5 c6 7. Bf4 Nbd7 8.
Nc4 Qd8 9. Ne3 Bg6 10. h4 h6 11. h5 Bh7 12. d5 Ne4 13. dxc6 bxc6 14. Nxe4 Bxe4
15. f3 Bh7 16. Bd3 e5 17. Bg3 Bxd3 18. Qxd3 Qa5+ 19. c3 Qb5 20. Qxb5 cxb5 21.
O-O-O f6 22. f4 exf4 23. Bxf4 Nc5 24. Rhe1 Kf7 25. b4 Ne6 26. Rd7+ Kg8 27. g3
a5 28. Nd5 Nxf4 29. gxf4 axb4 30. Nxf6+ gxf6 31. Rg1+ Bg7 32. Rgxg7+ Kf8 33.
cxb4 Rxa2 34. Rdf7+ Ke8 35. Rb7 Ra8 36. Rxb5 Rf8 37. Rbb7 Kd8 38. b5 Kc8 39. b6
Kd8 40. Rbd7+ 1-0

[Event "European Blitz Championship 2021"]
[Site "Katowice"]
[Date "2021.12.17"]
[Round "12.5"]
[White "Sanz Wawer, Daniel"]
[Black "Balacek, Tadeas"]
[Result "0-1"]
[WhiteElo "2102"]
[BlackElo "2312"]
[Annotator "ChessBase"]
[PlyCount "122"]
[EventDate "2021.12.17"]
[EventType "swiss"]
[EventCountry "POL"]
[SourceTitle "playchess.com"]
[Source "ChessBase"]
[SourceQuality "1"]

1. e4 e6 2. d4 d5 3. Nd2 Nc6 4. Ngf3 Nf6 5. e5 Nd7 6. Bd3 Nb4 7. Be2 c5 8. c3
Nc6 9. O-O Qb6 10. Nb3 cxd4 11. cxd4 a5 12. a4 Be7 13. Bg5 Bxg5 14. Nxg5 h6 15.
Nf3 O-O 16. Bd3 Qb4 17. Bc2 Nb6 18. Qd3 g6 19. Nh4 Ne7 20. Nc5 Nc4 21. Rfe1 b6
22. Nb3 Ba6 23. Qg3 Kg7 24. Qf4 Ng8 25. Qg4 Ne7 26. Qf4 Ng8 27. Rab1 Qe7 28.
Nf3 Rac8 29. Bd3 Qb4 30. Na1 b5 31. Nc2 Qe7 32. b3 Na3 33. Nxa3 Qxa3 34. axb5
Bb7 35. h4 Rc3 36. Rbd1 Qxb3 37. Bb1 Qb4 38. h5 Qe7 39. Qg4 g5 40. Nh4 a4 41.
Nf3 a3 42. Nd2 Ra8 43. Ba2 Rc2 44. Ra1 Rxd2 45. Qf3 Rb2 46. Qc3 Rxb5 47. f4 Qb4
48. Qg3 Qxd4+ 49. Kh1 Qxf4 50. Qd3 Rb2 51. Rf1 Qh4+ 52. Kg1 d4 53. Rxf7+ Kxf7
54. Qh7+ Ke8 55. Qxg8+ Kd7 56. Qxe6+ Kd8 57. Qd6+ Ke8 58. Qe6+ Kd8 59. Qg8+ Kc7
60. Rc1+ Kb6 61. Qe6+ Ka7 0-1

[Event "European Blitz Championship 2021"]
[Site "Katowice"]
[Date "2021.12.17"]
[Round "12.6"]
[White "Laurusas, Tomas"]
[Black "Gdanski, Jacek"]
[Result "1/2-1/2"]
[WhiteElo "2553"]
[BlackElo "2367"]
[Annotator "RC"]
[PlyCount "117"]
[EventDate "2021.12.17"]
[EventType "swiss"]
[EventCountry "POL"]
[SourceTitle "playchess.com"]
[Source "ChessBase"]
[SourceQuality "1"]

1. d4 Nf6 2. c4 c5 3. Nf3 cxd4 4. Nxd4 a6 5. Nc3 d5 6. Nf3 dxc4 7. Qxd8+ Kxd8
8. a4 Nc6 9. Bf4 Nd7 10. O-O-O f6 11. e4 e5 12. Be3 b5 13. axb5 axb5 14. Kb1
Ba6 15. Nd5 Kc8 16. g3 Kb7 17. b4 cxb3 18. Nd2 Nc5 19. Rc1 Nd4 20. Nb4 Bd6 21.
Nd3 Na4 22. Bxd4 exd4 23. Nxb3 Nc3+ 24. Kb2 b4 25. Nxd4 Bxd3 26. Bxd3 Be5 27.
Nf3 Ra3 28. Nxe5 fxe5 29. Bc4 Rd8 30. Kc2 Kb6 31. Rhe1 Kc5 32. Bb3 Rd4 33. f3
Ra7 34. Kb2 Rd2+ 35. Rc2 Rad7 36. f4 Rxc2+ 37. Kxc2 Re7 38. f5 Kd4 39. g4 Nxe4
40. h4 Rc7+ 41. Kb2 Nd2 42. Rd1 Kd3 43. Ba4 e4 44. Bb5+ Ke3 45. Re1+ Kf2 46.
Re2+ Kf3 47. Rxd2 e3 48. Rh2 Kxg4 49. Bd3 Rc3 50. f6 Rxd3 51. fxg7 Rd8 52. Rg2+
Kf3 53. g8=Q Rxg8 54. Rxg8 e2 55. Rf8+ Kg2 56. Re8 Kf2 57. Rf8+ Kg2 58. Re8 Kf2
59. Rf8+ 1/2-1/2

[Event "European Blitz Championship 2021"]
[Site "Katowice"]
[Date "2021.12.17"]
[Round "12.6"]
[White "Semjonovs, Ilja"]
[Black "Ustianovich, Nazar"]
[Result "0-1"]
[WhiteElo "2095"]
[BlackElo "2278"]
[Annotator "NA"]
[PlyCount "58"]
[EventDate "2021.12.17"]
[EventType "swiss"]
[EventCountry "POL"]
[SourceTitle "playchess.com"]
[Source "ChessBase"]
[SourceQuality "1"]

1. d4 d5 2. Nf3 Nf6 3. Bg5 Ne4 4. Bf4 Bf5 5. e3 e6 6. Nbd2 Nxd2 7. Qxd2 Bd6 8.
Bg3 O-O 9. Bd3 Bg6 10. O-O c5 11. c3 Bxg3 12. hxg3 Nd7 13. Rac1 Rc8 14. Rfe1 a6
15. Bxg6 hxg6 16. e4 cxd4 17. Qxd4 dxe4 18. Rxe4 Nc5 19. Re3 Qf6 20. Ne5 Rfd8
21. Qb4 Rd5 22. Nf3 Rcd8 23. Rf1 b5 24. Nd4 e5 25. Nb3 Nd3 26. Qe4 Nxb2 27. f4
Nc4 28. Ref3 Qb6+ 29. Kh2 f5 0-1

[Event "European Blitz Championship 2021"]
[Site "Katowice"]
[Date "2021.12.17"]
[Round "12.7"]
[White "Gumularz, Szymon"]
[Black "Tazbir, Marcin"]
[Result "0-1"]
[WhiteElo "2533"]
[BlackElo "2508"]
[Annotator "ChessBase"]
[PlyCount "68"]
[EventDate "2021.12.17"]
[EventType "swiss"]
[EventCountry "POL"]
[SourceTitle "playchess.com"]
[Source "ChessBase"]
[SourceQuality "1"]

1. e4 c5 2. Nf3 d6 3. Bb5+ Nd7 4. a4 a6 5. Be2 Ngf6 6. Nc3 g6 7. O-O Bg7 8. a5
O-O 9. d3 Rb8 10. Qd2 e5 11. Qg5 h6 12. Qh4 g5 13. Bxg5 hxg5 14. Nxg5 Re8 15.
f4 Nf8 16. Qg3 exf4 17. Rxf4 Ng6 18. Rf2 Re5 19. h4 Nh7 20. Nxf7 Qxh4 21. Qxg6
Re6 22. Qg4 Qxf2+ 23. Kxf2 Rf6+ 24. Qf3 Rxf7 25. Rh1 Ng5 26. Qxf7+ Kxf7 27. Nd5
Be6 28. Bh5+ Kf8 29. Nf4 Bxb2 30. Ke2 Kg7 31. Rb1 Be5 32. Nxe6+ Nxe6 33. Kd2
Nd4 34. c3 Nc6 0-1

[Event "European Blitz Championship 2021"]
[Site "Katowice"]
[Date "2021.12.17"]
[Round "12.7"]
[White "Kozak, Antoni"]
[Black "Karpus, Michal"]
[Result "0-1"]
[WhiteElo "2272"]
[BlackElo "2129"]
[Annotator "NA"]
[PlyCount "92"]
[EventDate "2021.12.17"]
[EventType "swiss"]
[EventCountry "POL"]
[SourceTitle "playchess.com"]
[Source "ChessBase"]
[SourceQuality "1"]

1. d4 Nf6 2. Nf3 g6 3. c4 Bg7 4. h3 O-O 5. e3 d5 6. cxd5 Nxd5 7. Bc4 a6 8. Bb3
b5 9. O-O Bb7 10. e4 Nb6 11. Re1 N8d7 12. Nc3 c5 13. d5 c4 14. Bc2 Nc5 15. Be3
Rc8 16. Bd4 e6 17. Bxg7 Kxg7 18. Qd4+ f6 19. a3 e5 20. Qe3 Qd7 21. Rad1 a5 22.
Nh2 b4 23. Ne2 Nba4 24. Rb1 b3 25. Bd1 Nd3 26. Bxb3 Naxb2 27. Bc2 Nxe1 28. Rxe1
c3 29. f4 Ba6 30. fxe5 fxe5 31. Ng3 Rf7 32. Ng4 Qa7 33. Nxe5 Qxe3+ 34. Rxe3 Re7
35. Nc6 Ree8 36. Rxc3 Bb7 37. Rb3 Bxc6 38. Rxb2 Bd7 39. Bb1 Rb8 40. Rxb8 Rxb8
41. Bc2 Rb2 42. Bd3 Rb3 43. Bc4 Rxg3 44. Kf2 Rxa3 45. e5 Rc3 46. e6 Bxe6 0-1

[Event "European Blitz Championship 2021"]
[Site "Katowice"]
[Date "2021.12.17"]
[Round "12.8"]
[White "Papasimakopoulos, Alexandros"]
[Black "Donchenko, Alexander"]
[Result "0-1"]
[WhiteElo "2394"]
[BlackElo "2645"]
[Annotator "RC"]
[PlyCount "112"]
[EventDate "2021.12.17"]
[EventType "swiss"]
[EventCountry "POL"]
[SourceTitle "playchess.com"]
[Source "ChessBase"]
[SourceQuality "1"]

1. d4 Nf6 2. c4 e6 3. Nc3 Bb4 4. Qc2 d5 5. cxd5 exd5 6. Bg5 h6 7. Bh4 Nc6 8. e3
g5 9. Bg3 Ne4 10. Bb5 h5 11. f3 Nxg3 12. hxg3 Qe7 13. Kf2 Bxc3 14. Qxc3 Bd7 15.
g4 h4 16. Rc1 O-O-O 17. Qc5 Rhe8 18. Qxe7 Rxe7 19. Ne2 Nb4 20. Bxd7+ Kxd7 21.
Rhd1 Rde8 22. Rc3 Nxa2 23. Rb3 a5 24. Ra1 a4 25. Rb5 Rxe3 26. Ng1 c6 27. Rxb7+
Kc8 28. Ra7 Nb4 29. Ra8+ Kc7 30. Rxe8 Rxe8 31. Ra3 Rb8 32. Ne2 Nc2 33. Rxa4
Rxb2 34. f4 f6 35. f5 Kb6 36. Kf3 Ne1+ 37. Kf2 Nxg2 38. Kf3 h3 39. Ra1 Rb3+ 40.
Kf2 Nf4 41. Nxf4 gxf4 42. Rg1 c5 43. g5 fxg5 44. f6 h2 45. Rh1 Rh3 46. f7 Rh8
47. dxc5+ Kxc5 48. Kf3 Rf8 49. Rxh2 Rxf7 50. Rc2+ Kd6 51. Rd2 Rg7 52. Kg4 Ke5
53. Re2+ Kd4 54. Re1 Kc3 55. Rc1+ Kd2 56. Rc7 Rxc7 0-1

[Event "European Blitz Championship 2021"]
[Site "Katowice"]
[Date "2021.12.17"]
[Round "12.8"]
[White "Wieczorek, Oskar"]
[Black "Chojnacki, Slawomir"]
[Result "1-0"]
[WhiteElo "2258"]
[BlackElo "2120"]
[Annotator "NA"]
[PlyCount "65"]
[EventDate "2021.12.17"]
[EventType "swiss"]
[EventCountry "POL"]
[SourceTitle "playchess.com"]
[Source "ChessBase"]
[SourceQuality "1"]

1. e4 c6 2. d4 d5 3. Nd2 dxe4 4. Nxe4 Nf6 5. Nxf6+ gxf6 6. c3 Bf5 7. Nf3 Nd7 8.
g3 h5 9. Bg2 Bg4 10. Qd3 Bxf3 11. Qxf3 h4 12. O-O e6 13. Re1 Qa5 14. b4 Qh5 15.
Qxh5 Rxh5 16. Bf3 Rh8 17. a4 a6 18. d5 Ne5 19. Rxe5 fxe5 20. dxc6 O-O-O 21.
cxb7+ Kb8 22. Be3 f5 23. Bc6 Rd3 24. b5 a5 25. Bb6 hxg3 26. hxg3 Rxc3 27. Bxa5
Rc2 28. Bb6 Bc5 29. Bxc5 Rxc5 30. a5 e4 31. a6 Ka7 32. b6+ Kxb6 33. a7 1-0

[Event "European Blitz Championship 2021"]
[Site "Katowice"]
[Date "2021.12.17"]
[Round "12.9"]
[White "Zakrzewski, Marek"]
[Black "Blohberger, Felix"]
[Result "0-1"]
[WhiteElo "2279"]
[BlackElo "2490"]
[Annotator "ChessBase"]
[PlyCount "108"]
[EventDate "2021.12.17"]
[EventType "swiss"]
[EventCountry "POL"]
[SourceTitle "playchess.com"]
[Source "ChessBase"]
[SourceQuality "1"]

1. e4 c5 2. Nf3 d6 3. Bb5+ Bd7 4. Bxd7+ Nxd7 5. O-O Ngf6 6. Qe2 e6 7. d4 cxd4
8. Nxd4 Qa5 9. c4 Rc8 10. Nb3 Qc7 11. N3d2 Be7 12. Nc3 a6 13. b3 O-O 14. Bb2
Rfe8 15. Rac1 Bf8 16. f4 Qc5+ 17. Kh1 Qh5 18. Qxh5 Nxh5 19. g3 Nhf6 20. Kg2 Nc5
21. Rf3 Red8 22. Ba3 d5 23. Bxc5 dxe4 24. Ndxe4 Bxc5 25. Nxc5 Rxc5 26. Rd1 Rxd1
27. Nxd1 Kf8 28. Rd3 Ke7 29. Kf3 h6 30. h4 g5 31. Ne3 gxf4 32. gxf4 Rh5 33. Kg2
Rxh4 34. f5 e5 35. b4 Rd4 36. Rxd4 exd4 37. Nf1 Kd6 38. Kf3 Ke5 39. Ng3 Ne8 40.
c5 Ng7 41. f6 Ne8 42. Nh5 Nxf6 43. Nxf6 Kxf6 44. Ke4 d3 45. Kxd3 Ke5 46. a4 Kd5
47. Kc3 f5 48. Kd3 f4 49. Ke2 Kc4 50. b5 axb5 51. axb5 Kxb5 52. Kf3 Kxc5 53.
Kxf4 Kc4 54. Ke3 Kc3 0-1

[Event "European Blitz Championship 2021"]
[Site "Katowice"]
[Date "2021.12.17"]
[Round "12.9"]
[White "Kowalczyk, Rafal"]
[Black "Cukrowski, Filip"]
[Result "1-0"]
[WhiteElo "2252"]
[BlackElo "2101"]
[Annotator "NA"]
[PlyCount "51"]
[EventDate "2021.12.17"]
[EventType "swiss"]
[EventCountry "POL"]
[SourceTitle "playchess.com"]
[Source "ChessBase"]
[SourceQuality "1"]

1. e4 c6 2. d4 d5 3. Nc3 dxe4 4. Nxe4 Nf6 5. Nxf6+ exf6 6. c3 Bd6 7. Bd3 O-O 8.
Qc2 Re8+ 9. Ne2 h5 10. O-O Nd7 11. Ng3 Bxg3 12. fxg3 Nf8 13. Bd2 Bg4 14. Rae1
Qd7 15. Be4 Be6 16. b3 Rad8 17. Be3 Re7 18. Bf3 Bg4 19. Bf2 Rde8 20. Rxe7 Rxe7
21. c4 Bxf3 22. gxf3 Ne6 23. Qf5 Nxd4 24. Qxh5 g6 25. Qg4 f5 26. Qxd4 1-0

[Event "European Blitz Championship 2021"]
[Site "Katowice"]
[Date "2021.12.17"]
[Round "12.10"]
[White "Sadzikowski, Daniel"]
[Black "Kosakowski, Jakub"]
[Result "1-0"]
[WhiteElo "2525"]
[BlackElo "2340"]
[Annotator "RC"]
[PlyCount "65"]
[EventDate "2021.12.17"]
[EventType "swiss"]
[EventCountry "POL"]
[SourceTitle "playchess.com"]
[Source "ChessBase"]
[SourceQuality "1"]

1. c4 Nf6 2. Nf3 e6 3. Nc3 d5 4. d4 Bb4 5. cxd5 exd5 6. Bf4 O-O 7. Rc1 c5 8. g3
Nc6 9. Bg2 Bg4 10. a3 Bxc3+ 11. bxc3 Re8 12. O-O Ne4 13. dxc5 Nxc5 14. Be3 Ne6
15. Re1 Rc8 16. Rb1 b6 17. Nd4 Nexd4 18. Bxd4 Qd6 19. a4 Na5 20. Qd3 Qd7 21.
Rb5 Bf5 22. Qd2 Bg6 23. h4 a6 24. Rxd5 Qxa4 25. h5 Qc2 26. Qg5 f6 27. Qg4 Bf7
28. Bxf6 g6 29. hxg6 Bxg6 30. Rd7 Qb3 31. Rg7+ Kf8 32. Qf4 Bf7 33. Qd6+ 1-0

[Event "European Blitz Championship 2021"]
[Site "Katowice"]
[Date "2021.12.17"]
[Round "12.10"]
[White "Koziorowicz, Michal"]
[Black "Kastelik, Adrian"]
[Result "1-0"]
[WhiteElo "2094"]
[BlackElo "2248"]
[Annotator "NA"]
[PlyCount "86"]
[EventDate "2021.12.17"]
[EventType "swiss"]
[EventCountry "POL"]
[SourceTitle "playchess.com"]
[Source "ChessBase"]
[SourceQuality "1"]

1. e4 e5 2. Bc4 Nf6 3. d3 c6 4. Nf3 d5 5. Bb3 Bd6 6. Nc3 dxe4 7. Nxe4 Nxe4 8.
dxe4 O-O 9. Qe2 a5 10. Bg5 Qb6 11. a4 Bb4+ 12. c3 Bxc3+ 13. bxc3 Qxb3 14. O-O
Bg4 15. h3 Bxf3 16. Qxf3 f6 17. Bh4 Na6 18. Rab1 Qf7 19. Qe3 Rfd8 20. Qb6 Qc4
21. Qxb7 Qxe4 22. Bg3 Rdb8 23. Rbe1 Qxg2+ 24. Kxg2 Rxb7 25. f4 Rb2+ 26. Kf3
exf4 27. Bxf4 Nc5 28. Re7 Rb7 29. Re3 Nxa4 30. h4 h5 31. c4 Nc5 32. Bd6 Nb3 33.
Kf4 Rd8 34. c5 Rb4+ 35. Kf5 Nxc5 36. Kg6 Rg4+ 37. Kxh5 Rc4 38. Kg6 Ne4 39. Bc7
Rc8 40. Bxa5 Nd6 41. Rd1 Nf7 42. Kf5 Rc5+ 43. Kg6 Nh8# 1-0

[Event "European Blitz Championship 2021"]
[Site "Katowice"]
[Date "2021.12.17"]
[Round "12.11"]
[White "Stefansson, Hannes"]
[Black "Keinanen, Toivo"]
[Result "1-0"]
[WhiteElo "2519"]
[BlackElo "2358"]
[Annotator "ChessBase"]
[PlyCount "43"]
[EventDate "2021.12.17"]
[EventType "swiss"]
[EventCountry "POL"]
[SourceTitle "playchess.com"]
[Source "ChessBase"]
[SourceQuality "1"]

1. e4 e6 2. d4 d5 3. Nc3 Nf6 4. e5 Nfd7 5. f4 c5 6. Nf3 Nc6 7. Be3 cxd4 8. Nxd4
Qb6 9. Qd2 Qxb2 10. Rb1 Qa3 11. Bb5 Nxd4 12. Bxd4 a6 13. Rb3 Qe7 14. Bxd7+ Bxd7
15. Rxb7 Qh4+ 16. Bf2 Qd8 17. Bb6 Qc8 18. Rc7 Qd8 19. Qe3 Bb4 20. O-O O-O 21.
f5 d4 22. Qxd4 1-0